Statistical methods / (Record no. 3299)
[ view plain ]
| 000 -LEADER | |
|---|---|
| fixed length control field | 00740cam a2200193 i 4500 |
| 008 - FIXED-LENGTH DATA ELEMENTS--GENERAL INFORMATION | |
| fixed length control field | 201030s2022 enka b 001 0 eng |
| 020 ## - INTERNATIONAL STANDARD BOOK NUMBER | |
| ISBN | 9780128230435 |
| 100 1# - MAIN ENTRY--AUTHOR | |
| Author | Freund, Rudolf J. |
| 245 10 - TITLE STATEMENT | |
| Title | Statistical methods / |
| Statement of responsibility, etc | Donna L. Mohr (University of North Florida, Emeritus), William J. Wilson (University of North Florida, Emeritus), Rudolf J. Freund. |
| 250 ## - EDITION STATEMENT | |
| Edition statement | Fourth edition. |
| 260 ## - PUBLICATION, DISTRIBUTION, ETC. (IMPRINT) | |
| Place of publication | UK |
| Name of publisher | Academic Press |
| Date of publication | 2022 |
| 300 ## - COLLATION | |
| Pagination | xxi, 754 pages : |
| Other physical details | illustrations ; |
| 500 ## - GENERAL NOTE | |
| General note | Revised edition of: Statistical methods / Rudolf J. Freund, William J. Wilson, Donna L. Mohr. 3rd ed. c2010. |
| 650 #0 - TRACINGS | |
| Main Subject | Statistics. |
| 700 1# - ADDITIONAL AUTHOR | |
| Additional Author | Wilson, William J., |
| 700 1# - ADDITIONAL AUTHOR | |
| Additional Author | Mohr, Donna L., |
| 942 ## - ADDED ENTRY ELEMENTS (KOHA) | |
| Item type | Books |
| 050 00 - LIBRARY OF CONGRESS CALL NUMBER | |
| Classification number | QA276.12 |
| Item number | .F75 2022 |
| Source of classification or shelving scheme | Not for loan | Permanent location | Current location | Date acquired | Accession No. | Full call number | Barcode. | Koha item type |
|---|---|---|---|---|---|---|---|---|
| Library of Congress Classification | Samuel Ogbemudia Main Library, University of Abuja | Samuel Ogbemudia Main Library, University of Abuja | 05/05/2025 | 2024\63671 | QA276.12.F75 | 2025-1754 | Books | |
| Library of Congress Classification | Samuel Ogbemudia Main Library, University of Abuja | Samuel Ogbemudia Main Library, University of Abuja | 05/07/2025 | 2024/63670 | QA276.M64 | 2025-1793 | Books |